Offshore teritóriá lákajú výhodným daňovým prostredím

Vymedzenie pojmov legálny daňový únik (tax avoidance) a nelegálny daňový únik (tax evasion), rozdiely medzi nimi. Objektívna a subjektívna stránka rizika daňového raja. Daňovo konkurenčné prostredie. Selekcia daňových rajov.

Salvato in:
Dettagli Bibliografici
Autore principale: Burák, Emil
Natura: Capitolo di libro
Lingua:slovacco
Soggetti:
Tags: Aggiungi Tag
Nessun Tag, puoi essere il primo ad aggiungerne!!

MARC

LEADER 00000naa a2200000 4500
001 r035929
005 20230911130750.2
041 0 |a slo 
044 |a SK 
245 1 0 |a Offshore teritóriá lákajú výhodným daňovým prostredím  |c Emil Burák 
520 |a Vymedzenie pojmov legálny daňový únik (tax avoidance) a nelegálny daňový únik (tax evasion), rozdiely medzi nimi. Objektívna a subjektívna stránka rizika daňového raja. Daňovo konkurenčné prostredie. Selekcia daňových rajov. 
610 2 0 |a offshore 
610 2 0 |a systémy daňové 
610 2 0 |a reformy daňové 
610 2 0 |a únik daňový 
610 2 0 |a konkurencia 
610 2 0 |a podnikatelia 
100 1 |a Burák, Emil